| 000 | 00818cam a22002415a 4500 | ||
|---|---|---|---|
| 001 | 4890238 | ||
| 005 | 20180204115555.0 | ||
| 008 | 931118t1994 enka frb 001 0 eng d | ||
| 020 | _a0471944378 | ||
| 020 | _a9780471944379 | ||
| 040 |
_aDLC _cDLC _dDLC _dEG-ScBUE _beng |
||
| 082 | 0 | 4 |
_222 _a658.8 _bWIL |
| 100 | 1 | _aWilson, Aubrey. | |
| 245 | 1 | 0 |
_aEmancipating the professions : _bmarketing opportunities from de-regulation / _cAubrey Wilson. |
| 260 |
_aChichester : _bJohn Wiley & Sons, _cc.1994. |
||
| 300 |
_axvi, 383 p. : _bill. ; _c24 cm. |
||
| 504 | _aIncludes bibliographical references and index. | ||
| 541 | _aDonation from David Kirby. | ||
| 650 | 7 |
_aProfessions _xMarketing. _2BUEsh _922390 |
|
| 650 | 7 |
_aService industries _xMarketing. _2BUEsh _98370 |
|
| 653 |
_bGGEN _bBUSADM _cFebruary2018 |
||
| 942 | _2ddc | ||
| 999 |
_c26074 _d26046 |
||